Normal view
MARC view
- Azizur Rahman Khan & Mahabul Hossanin .
Entry Personal Name
001 - CONTROL NUMBER
- control field: 2741
003 - CONTROL NUMBER IDENTIFIER
- control field: OSt
005 - DATE AND TIME OF LATEST TRANSACTION
- control field: 20191224151354.0
008 - FIXED-LENGTH DATA ELEMENTS
- fixed length control field: 191224|| aca||aabn | a|a d
040 ## - CATALOGING SOURCE
- Original cataloging agency: OSt
- Transcribing agency: OSt
100 ## - HEADING--PERSONAL NAME
- Personal name: Azizur Rahman Khan & Mahabul Hossanin .
670 ## - SOURCE DATA FOUND
- Source citation: Work cat.: (OSt)1199: Azizur Rahman Khan & Mahabul Hossanin . , The Strategy of Development In Bangladesh
